Herbal Medicine and Health Promotion: (Record no. 863)

MARC details
000 -LEADER
fixed length control field 00592nam a22001937a 4500
003 - CONTROL NUMBER IDENTIFIER
control field OSt
005 - DATE AND TIME OF LATEST TRANSACTION
control field 20191212152543.0
008 - FIXED-LENGTH DATA ELEMENTS--GENERAL INFORMATION
fixed length control field 150109b xxu||||| |||| 00| 0 eng d
020 ## - INTERNATIONAL STANDARD BOOK NUMBER
International Standard Book Number 9068320335
040 ## - CATALOGING SOURCE
Transcribing agency DNLM
082 ## - DEWEY DECIMAL CLASSIFICATION NUMBER
Classification number WB 985 L46h 2004
100 ## - MAIN ENTRY--PERSONAL NAME
Personal name Grand ,Amanda Le; Wondergem, Peter
9 (RLIN) 2338
245 ## - TITLE STATEMENT
Title Herbal Medicine and Health Promotion:
Remainder of title A comparative study of herbal drugs in primary health care
260 ## - PUBLICATION, DISTRIBUTION, ETC. (IMPRINT)
Place of publication, distribution, etc. Amsterdam :
Name of publisher, distributor, etc. Royal tropical Institute.
Date of publication, distribution, etc. 2004
300 ## - PHYSICAL DESCRIPTION
Extent 80 p :
Dimensions 21cm
504 ## - BIBLIOGRAPHY, ETC. NOTE
Bibliography, etc Includes Bibliograpy
650 ## - SUBJECT ADDED ENTRY--TOPICAL TERM
Topical term or geographic name as entry element Herbal medicine
9 (RLIN) 2339
942 ## - ADDED ENTRY ELEMENTS (KOHA)
Source of classification or shelving scheme Other/Generic Classification Scheme
Koha item type Short Loan
Holdings
Withdrawn status Lost status Source of classification or shelving scheme Damaged status Not for loan Home library Current library Date acquired Source of acquisition Inventory number Total Checkouts Full call number Barcode Date last seen Koha item type
    Other/Generic Classification Scheme     MUST Main Library MUST Main Library 09/01/2015   1993/6902   WB 985 P44t 2002 2015-0044 09/01/2015 Short Loan
    Other/Generic Classification Scheme     MUST Main Library MUST Main Library 18/05/2016   06/26523   WB 985 P44t 2002 2016-1999 18/05/2016 Open Shelf
    Other/Generic Classification Scheme     MUST Main Library MUST Main Library 18/05/2016   06/26524   WB 985 P44t 2002 2016-2000 18/05/2016 Open Shelf
    Other/Generic Classification Scheme     MUST Main Library MUST Main Library 18/05/2016   06/26683   WB 985 P44t 2002 2016-2001 18/05/2016 Open Shelf
    Other/Generic Classification Scheme     MUST Main Library MUST Main Library 18/05/2016   03/19065   WB 985 P44t 2002 2016-2002 18/05/2016 Open Shelf